A possible "orality" for science? (Record no. 74634)

MARC details
000 -CABECERA
campo de control de longitud fija 00630nam a2200241 a 4500
005 - FECHA Y HORA DE LA ÚLTIMA TRANSACCIÓN
campo de control 20210219153342.0
008 - ELEMENTOS DE LONGITUD FIJA--INFORMACIÓN GENERAL
campo de control de longitud fija 991125n 000 0 u
035 ## - NÚMERO DE CONTROL DEL SISTEMA
Número de control de sistema UPN01000093301
100 ## - ASIENTO PRINCIPAL--NOMBRE PERSONAL
Nombre de persona Rampal, Anita
222 ## - TÍTULO CLAVE
Título clave INTERCHANGE
245 ## - MENCIÓN DE TÍTULO
Título A possible "orality" for science?
300 ## - DESCRIPCIÓN FÍSICA
Extensión 227-244
362 ## - FECHAS DE PUBLICACIÓN Y/O DESIGNACIÓN SECUENCIAL
Fecha de publicación y/o designación secuencial 23, No. 3, 1992
505 ## - NOTA DE CONTENIDO CON FORMATO PREESTABLECIDO
Nota de contenido con formato Abril 1993
653 0# - TERMINO DE INDIZACION - NO CONTROLADO
Término no controlado ANALISIS DEL DISCURSO
653 0# - TERMINO DE INDIZACION - NO CONTROLADO
Término no controlado COMUNICACION EN EL AULA
653 0# - TERMINO DE INDIZACION - NO CONTROLADO
Término no controlado COMUNICACION HABLADA
653 0# - TERMINO DE INDIZACION - NO CONTROLADO
Término no controlado EDUCACION CIENTIFICA
653 0# - TERMINO DE INDIZACION - NO CONTROLADO
Término no controlado INFLUENCIAS CULTURALES
653 0# - TERMINO DE INDIZACION - NO CONTROLADO
Término no controlado VOCABULARIO
904 ## - ELEMENTOS DE DATOS D LOCAL, LDD (RLIN)
a AC
b 031112
905 ## - TIPO DE MATERIAL
Tipo de material Articulo

No items available.